000 00524nam a2200157 i 4500
001 58622
003 ES-MaACL
005 20230906163841.0
007 t|
008 031023s1971 sp ||||1| spa d
110 2 _aLogroño (Junta Provincial).
_bEducación Física y Deportes.
_95550
245 1 0 _aMemoria-guía deportiva, 1970 /
_cLogroño, Junta Provincial de Educación Física y Deportes.
260 _aLogroño :
_b[s.n.,
_c1971]
300 _a100 p. :
_bil., gráf. ;
_c28 cm.
852 _aES-MaACL
_jC-41437
_bR.78554
999 _c58622
_d58622